Mental hygiene : (Record no. 28831)
[ view plain ]
| 000 -LEADER | |
|---|---|
| fixed length control field | 01201cam a2200301K 4500 |
| 001 - CONTROL NUMBER | |
| control field | 28831 |
| 003 - CONTROL NUMBER IDENTIFIER | |
| rucl marc code | BD-RjUL |
| 005 - DATE AND TIME OF LATEST TRANSACTION | |
| control field | 20211209051333.0 |
| 008 - FIXED-LENGTH DATA ELEMENTS--GENERAL INFORMATION | |
| fixed length control field | 140301s1961 ohua o 000 0 eng d |
| 035 ## - SYSTEM CONTROL NUMBER | |
| System control number | (OCoLC)ocn598387453 |
| -- | (OCoLC)ocn598387453 |
| System control number | (BD-RjUL)28915 |
| 040 ## - CATALOGING SOURCE | |
| Original cataloging agency | OCLCE |
| Language of cataloging | eng |
| Transcribing agency | OCLCE |
| Modifying agency | OCLCQ |
| -- | BD-RjUL |
| 041 ## - LANGUAGE CODE | |
| Language code of text/sound track or separate title | eng |
| 082 04 - DEWEY DECIMAL CLASSIFICATION NUMBER | |
| Classification number | 131.3082 |
| Author mark and year | MEN 1961 |
| 245 10 - TITLE STATEMENT | |
| Title | Mental hygiene : |
| Remainder of title | a text of readings / |
| Statement of responsibility, etc. | Peter T Hountras. |
| 260 ## - PUBLICATION, DISTRIBUTION, ETC. (IMPRINT) | |
| Place of publication, distribution, etc. | Columbus, Ohio : |
| Name of publisher, distributor, etc. | Merrill, |
| Date of publication, distribution, etc. | c1961. |
| 300 ## - PHYSICAL DESCRIPTION | |
| Pagination | 1 online resource (xi, 577 p.) : |
| Illustrations | ill. ; |
| Size | 28 cm. |
| 506 ## - RESTRICTIONS ON ACCESS NOTE | |
| Materials specified | Use copy |
| Standardized terminology for access restriction | Restrictions unspecified |
| Source of term | star |
| Institution to which field applies | MiAaHDL |
| 650 #2 - SUBJECT ADDED ENTRY--TOPICAL TERM | |
| Topical term or geographic name as entry element | Mental Health. |
| 9 (RLIN) | 88165 |
| Topical term or geographic name as entry element | Psychophysiologie. |
| 9 (RLIN) | 88166 |
| Topical term or geographic name as entry element | Mental health. |
| 9 (RLIN) | 88167 |
| 700 1# - ADDED ENTRY--PERSONAL NAME | |
| Personal name | Hountras, Peter T. |
| 776 08 - ADDITIONAL PHYSICAL FORM ENTRY | |
| Relationship information | Print version: |
| Main entry heading | Hountras, Peter T. |
| Title | Mental hygiene; a text of readings. |
| Place, publisher, and date of publication | Columbus, Ohio, Merrill [c1961] |
| Record control number | (DLC) 61009211 |
| -- | (OCoLC)14622301 |
| 856 40 - ELECTRONIC LOCATION AND ACCESS | |
| Materials specified | HathiTrust Digital Library |
| Uniform Resource Identifier | <a href="http://catalog.hathitrust.org/api/volumes/oclc/14622301.html">http://catalog.hathitrust.org/api/volumes/oclc/14622301.html</a> |
| Materials specified | HathiTrust Digital Library |
| Uniform Resource Identifier | <a href="http://catalog.hathitrust.org/api/volumes/oclc/301894.html">http://catalog.hathitrust.org/api/volumes/oclc/301894.html</a> |
| 942 ## - ADDED ENTRY ELEMENTS (KOHA) | |
| Source of classification or shelving scheme | Dewey Decimal Classification |
| Koha item type | Books |
| Lost status | Source of classification or shelving scheme | Damaged status | Not for loan | Permanent Location | Current Location | Shelving location | Date acquired | Source of acquisition | Cost, normal purchase price | Total Checkouts | Full call number | Date last seen | Copy number | Koha item type |
|---|---|---|---|---|---|---|---|---|---|---|---|---|---|---|
| Dewey Decimal Classification | Added to bundle | Central Library, University of Rajshahi | Central Library, University of Rajshahi | Reading Room | 13/02/1963 | Zeitlinger | 0.00 | 131.3082 MEN 1961 | 01/04/2014 | C-1 | Books |